Genius and the mobocracy / (Record no. 161125)

MARC details
000 -LEADER
fixed length control field 00573cam a2200193 4500
008 - FIXED-LENGTH DATA ELEMENTS--GENERAL INFORMATION
fixed length control field
090 ## - LOCALLY ASSIGNED LC-TYPE CALL NUMBER (OCLC); LOCAL CALL NUMBER (RLIN)
Classification number (OCLC) (R) ; Classification number, CALL (RLIN) (NR) NA737.S9
Local cutter number (OCLC) ; Book number/undivided call number, CALL (RLIN) WRI
003 - CONTROL NUMBER IDENTIFIER
control field
005 - DATE AND TIME OF LATEST TRANSACTION
control field 20230123134148.0
040 ## - CATALOGING SOURCE
Transcribing agency NUST
049 ## - LOCAL HOLDINGS (OCLC)
Holding library MAIN
100 1# - MAIN ENTRY--PERSONAL NAME
Personal name Wright, Frank Lloyd.
245 10 - TITLE STATEMENT
Title Genius and the mobocracy /
Statement of responsibility, etc. Frank Lloyd Wright.
260 ## - PUBLICATION, DISTRIBUTION, ETC.
Place of publication, distribution, etc. New York :
Name of publisher, distributor, etc. Duell, Sloan and Pearce,
Date of publication, distribution, etc. c1949.
300 ## - PHYSICAL DESCRIPTION
Extent xiii, 113 p. + 80 p. of plates :
Other physical details ill. ;
Dimensions 26 cm.
650 10 - SUBJECT ADDED ENTRY--TOPICAL TERM
Topical term or geographic name entry element Sullivan, Louis H.
907 ## - LOCAL DATA ELEMENT G, LDG (RLIN)
a .b10189695
b 17-06-13
c 02-02-06
942 ## - ADDED ENTRY ELEMENTS (KOHA)
Koha item type Ordinary Loan Books
Call number prefix NA737.S9
Call number suffix WRI
Holdings
Date last seen Total Checkouts Full call number Barcode Cost, replacement price Price effective from Koha item type Lost status Source of classification or shelving scheme Damaged status Not for loan Collection Withdrawn status Home library Current library Shelving location Date acquired Cost, normal purchase price
01/23/2023 1 NA737.S9 WRI 92004003295 80.00 01/23/2023 BOOKS   LCC     NFIC   MAIN MAIN GEN 01/23/2023 80.00